| 000 | 00408nam a2200133Ia 4500 | ||
|---|---|---|---|
| 003 | GCL | ||
| 008 | 140319s9999 xx 000 0 ara d | ||
| 040 |
_aGCL / _cGCL |
||
| 082 | 0 | 4 |
_a320.0125 _bت ا |
| 245 | 1 | 0 | _aاسس العلوم السياسة فى ضوء الشريعة الاسلامية |
| 260 |
_a[S.N] : _bالهيئة المصرية العامة للكتاب ، _c1986 |
||
| 300 | _a259 | ||
| 490 | _a | ||
| 999 |
_c28829 _d28829 |
||